| 000 | 00817nam0a22002771 4500 | ||
|---|---|---|---|
| 001 | RU\NLR\INFOCOMM_223\5000022539 | ||
| 005 | 20250613090059.0 | ||
| 010 |
_91000 _bВ пер. _d10 р. |
||
| 035 | _a(NLR Aleph) 009050518 | ||
| 090 |
_a9571859 _c9571859 |
||
| 100 | _a20080910d1958 |||y0rusy50 ca | ||
| 101 | 0 | _ager | |
| 102 | _aRU | ||
| 105 | _aab z 000zy | ||
| 200 | 1 |
_aDas neue Kasachstan _fP. Alampijew |
|
| 210 |
_aΜ. _cVerl. für fremdsprachige Lit. _d1958 |
||
| 215 |
_a216 с., [16] л. ил. _cил., карт. _d17 см |
||
| 686 |
_aИр-Каз300 _2rubbk |
||
| 700 | 1 |
_9z03790 _aAlampiev _bP. M. _gPetr Martynovič _4070 |
|
| 790 | 1 |
_9z03700 _aAlampijew _bP. _4070 |
|
| 801 | 1 |
_aRU _bNLR _c20080910 |
|
| 801 | 0 |
_aRU _bNLR _gPSBO |
|
| 852 |
_aNLR _jИр81 Г-1/10 |
||
| 942 | _cBOOK | ||
| 980 | _aNB | ||